000 01081nam0a2200361 4500
001 RU\NLR\bibl\183497
005 20250618063538.0
010 _a5-88155-393-4
_bВ пер.
_910000
021 _aRU
_b2001-26342
_91251
035 _a(NLR Aleph) 000180099
090 _a1039633
_c1039633
100 _a20010831d2001 |||y0rusy50 ca
101 0 _arus
102 _aRU
105 _aa |||||||||
200 1 _aДомоводство
_fЕ. Валягина
210 _aСПб.
_cДиамант
_cЗолотой век
_d2001
215 _a606,[1] с.
_cил.
_d21
225 1 _aКнига в подарок
300 _aНа пер. авт. не указан
606 0 _aДомоводство
_92080563
_3RU\NLR\auth\661256504
610 0 _aДомоводство
675 _a640.1
_v3
_zrus
686 _a75
_2rugasnti
686 _a37.279
_2rubbk
686 _aМ79
700 1 _aВалягина
_bЕ.
_4070
801 0 _aRU
_bRKP
_c20010831
_gPSBO
801 1 _aRU
_bRKP
_c20010831
801 2 _aRU
_bNLR
_c20011019
_grcr
942 _cBOOK
980 _aNB